The axis satellites and the great powers, (Record no. 89962)
[ view plain ]
| 000 -LEADER | |
|---|---|
| fixed length control field | 00951cam a22002531 4500 |
| 001 - CONTROL NUMBER | |
| control field | sd 46000017 |
| 003 - CONTROL NUMBER IDENTIFIER | |
| control field | DLC |
| 005 - DATE AND TIME OF LATEST TRANSACTION | |
| control field | 20260227112735.0 |
| 008 - FIXED-LENGTH DATA ELEMENTS--GENERAL INFORMATION | |
| fixed length control field | 940601s1946 nyuab b 000 0 eng c |
| 010 ## - LIBRARY OF CONGRESS CONTROL NUMBER | |
| LC control number | sd 46000017 |
| 035 ## - SYSTEM CONTROL NUMBER | |
| System control number | (OCoLC)30526322 |
| 040 ## - CATALOGING SOURCE | |
| Original cataloging agency | U.S. Dept. of State. Libr. |
| Transcribing agency | IEN |
| Modifying agency | DLC |
| 050 00 - LIBRARY OF CONGRESS CALL NUMBER | |
| Classification number | D410 |
| Item number | .F65 vol. 22, no. 4 |
| 082 ## - DEWEY DECIMAL CLASSIFICATION NUMBER | |
| Classification number | 940.52 |
| 100 1# - MAIN ENTRY--PERSONAL NAME | |
| Personal name | Black, Cyril Edwin, |
| Dates associated with a name | 1915- |
| 245 14 - TITLE STATEMENT | |
| Title | The axis satellites and the great powers, |
| Statement of responsibility, etc. | by Cyril E. Black. |
| 260 ## - PUBLICATION, DISTRIBUTION, ETC. | |
| Place of publication, distribution, etc. | New York, N.Y., |
| Name of publisher, distributor, etc. | Foreign policy association, incorporated |
| Date of publication, distribution, etc. | [1946] |
| 300 ## - PHYSICAL DESCRIPTION | |
| Extent | 1 p. l., 39-52 p. |
| Other physical details | illus. (maps) |
| Dimensions | 27 cm. |
| 490 0# - SERIES STATEMENT | |
| Series statement | Foreign policy reports, |
| Volume/sequential designation | vol. XXII, no. 4. May 1, 1946 |
| 500 ## - GENERAL NOTE | |
| General note | "Territorial problems of the axis satellites, by Ona K.D. Ringwood and Cyril E. Black": p. [51]-52. |
| 504 ## - BIBLIOGRAPHY, ETC. NOTE | |
| Bibliography, etc. note | Bibliographical foot-notes. |
| 651 #0 - SUBJECT ADDED ENTRY--GEOGRAPHIC NAME | |
| Geographic name | Europe |
| General subdivision | Politics and government |
| Chronological subdivision | 1918-1945. |
| 650 #0 - SUBJECT ADDED ENTRY--TOPICAL TERM | |
| Topical term or geographic name entry element | Reconstruction (1939-1951) |
No items available.